[Event "Sitges Sunway op 10th"]
[Site "Sitges"]
[Date "2023.12.16"]
[Round "5"]
[White "Schulman, Julia"]
[Black "Izagirre Alsua, Aritz"]
[Result "1/2-1/2"]
[WhiteElo "1640"]
[BlackElo "1881"]
[PlyCount "70"]
[EventDate "2023.12.12"]
[EventType "swiss"]
[EventRounds "10"]
[EventCountry "ESP"]
[SourceTitle "CB52_2023"]
[SourceDate "2023.12.27"]
[SourceVersion "1"]
[SourceVersionDate "2023.12.27"]
[SourceQuality "1"]

1. e4 c5 2. Nf3 a6 3. c4 d6 4. Nc3 e5 5. Be2 Nc6 6. 0-0 Nf6 7. d3 Be7 8. Bd2 0-0 9. Nd5 h6 10. a3 Be6 11. b4 Bxd5 12. cxd5 Nd4 13. Nxd4 cxd4 14. f4 Nd7 15. f5 b5 16. Bh5 Bg5 17. Bc1 Rc8 18. Qe2 Rc7 19. g3 Qf6 20. h4 Bxc1 21. Raxc1 Rfc8 22. Rxc7 Rxc7 23. Qd2 Qd8 24. Bg4 Nf6 25. Bd1 Rc3 26. g4 Nxe4 27. dxe4 Rg3+ 28. Kf2 Rh3 29. Rg1 Rh2+ 30. Rg2 Qxh4+ 31. Kf1 Rh1+ 32. Ke2 Qh3 33. Kf2 Qh4+ 34. Ke2 Qh3 35. Kf2 Qh4+ 1/2-1/2

[Event "Figueres Mas op-A 23rd"]
[Site "Figueres"]
[Date "2022.08.11"]
[Round "1"]
[White "Izagirre Alsua, Aritz"]
[Black "Rojas Keim, Luis Alberto"]
[Result "0-1"]
[WhiteElo "1884"]
[BlackElo "2375"]
[PlyCount "42"]
[EventDate "2022.08.11"]
[EventType "swiss"]
[EventRounds "9"]
[EventCountry "ESP"]
[SourceTitle "EXT 2023"]
[Source "ChessBase"]
[SourceDate "2022.10.05"]
[SourceVersion "1"]
[SourceVersionDate "2022.10.05"]
[SourceQuality "1"]

1. e4 e6 2. c4 c5 3. d4 cxd4 4. Qxd4 Nf6 5. Nc3 Nc6 6. Qd1 Bb4 7. f3 0-0 8. a3 Bxc3+ 9. bxc3 Qa5 10. Bd2 b6 11. Ne2 Ba6 12. Nd4 Qe5 13. Nxc6 dxc6 14. Be2 Rfd8 15. Qa4 Bb7 16. Rd1 Nh5 17. Kf2 f5 18. Qc2 f4 19. Be1 Qc5+ 20. Kf1 Ba6 21. Qa4 Ng3+ 0-1

[Event "Llinars del Valles op"]
[Site "Llinars del Valles"]
[Date "2022.06.26"]
[Round "2"]
[White "Izagirre Alsua, Aritz"]
[Black "Valenzuela Gomez, Fernando Alberto"]
[Result "0-1"]
[WhiteElo "1883"]
[BlackElo "2373"]
[PlyCount "74"]
[EventDate "2022.06.25"]
[EventType "swiss"]
[EventRounds "9"]
[EventCountry "ESP"]
[SourceTitle "CBM 209 Extra"]
[Source "ChessBase"]
[SourceDate "2022.09.30"]
[SourceVersion "1"]
[SourceVersionDate "2022.09.30"]
[SourceQuality "1"]

1. e4 e6 2. d3 d5 3. Nd2 Nc6 4. Ngf3 Nf6 5. g3 dxe4 6. dxe4 Bc5 7. Bg2 e5 8. 0-0 0-0 9. Qe2 a5 10. Nb3 Bd6 11. Rd1 a4 12. Nc5 Qe7 13. Nd3 h6 14. a3 Bg4 15. c3 Na5 16. h3 Bd7 17. Nb4 Rfd8 18. Nd2 c6 19. Nf1 Be6 20. Ne3 g6 21. Bd2 Bb3 22. Re1 Rd7 23. Ng4 Nxg4 24. Qxg4 Bxb4 25. cxb4 Rxd2 26. bxa5 Rxb2 27. Qf3 Rd8 28. a6 bxa6 29. Re2 Rd1+ 30. Rxd1 Bxd1 31. Bf1 Bxe2 32. Bxe2 Rb3 33. Qg4 Kg7 34. Bxa6 Rxa3 35. h4 h5 36. Qe2 Qc5 37. g4 Rg3+ 0-1

[Event "Miquel Mas op 20th"]
[Site "Castell de Sant Ferran"]
[Date "2019.08.17"]
[Round "6"]
[White "Mellado Trivino, Juan"]
[Black "Izagirre Alsua, Aritz"]
[Result "1-0"]
[WhiteElo "2357"]
[BlackElo "1934"]
[PlyCount "51"]
[EventDate "2019.08.13"]
[EventType "swiss"]
[EventRounds "9"]
[EventCountry "ESP"]
[SourceTitle "EXT 2020"]
[Source "ChessBase"]
[SourceDate "2019.10.17"]
[SourceVersion "1"]
[SourceVersionDate "2019.10.17"]
[SourceQuality "1"]

1. e4 c5 2. Nf3 e6 3. c3 d5 4. exd5 exd5 5. Bb5+ Bd7 6. Bxd7+ Qxd7 7. 0-0 Bd6 8. d4 Nc6 9. dxc5 Be7 10. Be3 Nf6 11. Nbd2 a5 12. Qa4 0-0 13. Rad1 Ne5 14. Qc2 Nxf3+ 15. Nxf3 Rfc8 16. Bd4 Ne8 17. Ne5 Qe6 18. Rfe1 Bxc5 19. Bxc5 Rxc5 20. Nd3 Qg6 21. Qb3 a4 22. Qxb7 Rca5 23. Ne5 Qf5 24. Nc6 Nd6 25. Ne7+ Kf8 26. Qxa8+ 1-0

[Event "Miquel Mas op 19th"]
[Site "Castell de Sant Ferran"]
[Date "2018.08.13"]
[Round "6"]
[White "Colls Gelaberto, Emilio"]
[Black "Izagirre Alsua, Aritz"]
[Result "1-0"]
[WhiteElo "2093"]
[BlackElo "1875"]
[PlyCount "61"]
[EventDate "2018.08.09"]
[EventType "swiss"]
[EventRounds "9"]
[EventCountry "ESP"]
[SourceTitle "CBM 186 Extra"]
[Source "ChessBase"]
[SourceDate "2018.08.24"]
[SourceVersion "1"]
[SourceVersionDate "2018.08.24"]
[SourceQuality "1"]

1. d4 d5 2. c4 c6 3. Nf3 Nf6 4. e3 a6 5. Bd3 b5 6. b3 e6 7. Nbd2 Be7 8. 0-0 0-0 9. Bb2 Bb7 10. e4 Nxe4 11. Nxe4 dxe4 12. Bxe4 Nd7 13. Rc1 Nf6 14. Bb1 c5 15. dxc5 Qxd1 16. Rfxd1 bxc4 17. Rxc4 Bd5 18. Rcc1 Rfc8 19. b4 a5 20. a3 axb4 21. axb4 Rab8 22. Bc3 Bxf3 23. gxf3 Nd5 24. Rxd5 exd5 25. Bf5 Rd8 26. Be5 Rbc8 27. Bxc8 Rxc8 28. b5 f6 29. Bd4 Bd8 30. c6 Rb8 31. b6 1-0

[Event "San Sebastian Gros op 28th"]
[Site "San Sebastian"]
[Date "2018.06.22"]
[Round "1"]
[White "Martinez Duany, Lelys Stanley"]
[Black "Izagirre Alsua, Aritz"]
[Result "1-0"]
[WhiteElo "2527"]
[BlackElo "1895"]
[PlyCount "57"]
[EventDate "2018.06.22"]
[EventType "swiss"]
[EventRounds "9"]
[EventCountry "ESP"]
[SourceTitle "CBM 185 Extra"]
[Source "ChessBase"]
[SourceDate "2018.07.29"]
[SourceVersion "1"]
[SourceVersionDate "2018.07.29"]
[SourceQuality "1"]

1. e4 c5 2. Nc3 a6 3. g3 e6 4. Bg2 g6 5. d4 Bg7 6. dxc5 Qa5 7. Be3 Bxc3+ 8. bxc3 Qxc3+ 9. Kf1 Qc4+ 10. Ne2 Nc6 11. Qd3 Qxd3 12. cxd3 Nge7 13. Bh6 f5 14. Nc3 Kf7 15. Na4 e5 16. Nb6 Rb8 17. h4 Ke6 18. f4 d6 19. cxd6 Kxd6 20. fxe5+ Ke6 21. exf5+ gxf5 22. d4 Nxd4 23. Rd1 Ndc6 24. Rd6+ Kf7 25. Rf6+ Ke8 26. e6 Rg8 27. Bf4 Rg6 28. Rxg6 hxg6 29. Bxc6+ 1-0

[Event "Gipuzkoa-ch"]
[Site "Azpeitia"]
[Date "2017.10.28"]
[Round "3"]
[White "Benaito Villagarcia, Mikel"]
[Black "Izagirre Alsua, Aritz"]
[Result "0-1"]
[WhiteElo "1660"]
[BlackElo "1904"]
[PlyCount "156"]
[EventDate "2017.10.14"]
[EventType "swiss"]
[EventRounds "7"]
[EventCountry "ESP"]
[SourceTitle "EXT 2019"]
[Source "ChessBase"]
[SourceDate "2018.10.10"]
[SourceVersion "1"]
[SourceVersionDate "2018.10.10"]
[SourceQuality "1"]

1. e4 c5 2. Nf3 a6 3. c4 Nc6 4. Nc3 e5 5. d3 d6 6. h3 h6 7. Be2 Nf6 8. 0-0 Be7 9. Nd5 0-0 10. Bd2 b5 11. Nxe7+ Qxe7 12. b3 Be6 13. Be3 b4 14. Nh2 Nh7 15. g4 g5 16. Nf3 a5 17. Kh2 Ra7 18. Rg1 a4 19. h4 f6 20. Nd2 axb3 21. Nxb3 Rfa8 22. Qd2 Ra3 23. hxg5 fxg5 24. Kg3 Qf6 25. Qc2 Na5 26. Rab1 Nc6 27. Rb2 Kg7 28. Rh1 Bf7 29. Bd1 Nf8 30. f3 Ne6 31. Qh2 Nf4 32. Rd2 Be8 33. Qf2 Bf7 34. Nc1 Be8 35. Bb3 Ne6 36. Ne2 Nf4 37. Nc1 Nd8 38. Qg1 Nf7 39. Ne2 Ba4 40. Nc1 Bxb3 41. axb3 Ra1 42. Qh2 Ne6 43. Ne2 R1a2 44. Nc1 Ra1 45. Ne2 Nd4 46. Bxd4 cxd4 47. Rc2 R1a2 48. Rhc1 Rxc2 49. Rxc2 Ra5 50. Qh1 Nd8 51. Qe1 Nc6 52. Qc1 Qe7 53. Qd2 Kg6 54. Ra2 Qa7 55. Rxa5 Qxa5 56. Nc1 Qa1 57. Kg2 Qc3 58. Qxc3 dxc3 59. Kf2 h5 60. Ke3 h4 61. Na2 Kf6 62. Nc1 Ke6 63. Ne2 Kd7 64. Nc1 Kc7 65. Ne2 Kb6 66. Nc1 Kc5 67. Ne2 Na5 68. Nc1 Nc6 69. Ne2 Nd4 70. Nc1 Ne6 71. Ne2 Nf4 72. d4+ exd4+ 73. Nxd4 h3 74. Nf5 c2 75. Kd2 c1Q+ 76. Kxc1 Ne2+ 77. Kd2 h2 78. Kxe2 h1Q 0-1

[Event "Gipuzkoa-ch"]
[Site "Azpeitia"]
[Date "2017.10.21"]
[Round "2"]
[White "Izagirre Alsua, Aritz"]
[Black "Orube Bona, Andoni"]
[Result "1-0"]
[WhiteElo "1904"]
[BlackElo "1780"]
[PlyCount "121"]
[EventDate "2017.10.14"]
[EventType "swiss"]
[EventRounds "7"]
[EventCountry "ESP"]
[SourceTitle "EXT 2019"]
[Source "ChessBase"]
[SourceDate "2018.10.10"]
[SourceVersion "1"]
[SourceVersionDate "2018.10.10"]
[SourceQuality "1"]

1. e4 c5 2. Nc3 Nc6 3. g3 g6 4. Bg2 Bg7 5. d3 d6 6. f4 e6 7. Nf3 Nge7 8. 0-0 0-0 9. Be3 Nd4 10. Qd2 Qa5 11. Nd5 Qd8 12. Nxe7+ Qxe7 13. Ne1 e5 14. c3 Nc6 15. f5 Bd7 16. Bh6 f6 17. h4 Bxh6 18. Qxh6 Qg7 19. Qxg7+ Kxg7 20. fxg6 hxg6 21. Nc2 Bg4 22. Bf3 Be6 23. Ne3 Ne7 24. Kg2 Rh8 25. Rh1 Raf8 26. a3 b5 27. Rad1 b4 28. axb4 cxb4 29. c4 Nc6 30. Ra1 a5 31. Nd5 Rf7 32. Rhc1 g5 33. Rh1 gxh4 34. Rxh4 Rxh4 35. gxh4 Ra7 36. Bd1 f5 37. Bh5 Kh6 38. Be8 Nd4 39. Kf2 Nb3 40. Rg1 Rg7 41. Rxg7 Kxg7 42. Nc7 Bc8 43. Nb5 a4 44. Bh5 fxe4 45. dxe4 Nd2 46. Bd1 Nxc4 47. Bxa4 Bd7 48. b3 Nb6 49. Nxd6 Nxa4 50. bxa4 Bxa4 51. Ke3 Bd7 52. Kd3 Be6 53. Ne8+ Kg6 54. Nc7 Bg8 55. Nd5 Kh5 56. Nf6+ Kxh4 57. Nxg8 Kg5 58. Ne7 b3 59. Nd5 Kg4 60. Kc3 Kf3 61. Nf6 1-0

[Event "Sabadell op-A 10th"]
[Site "Sabadell"]
[Date "2017.09.08"]
[Round "8"]
[White "Alves Garcia, Eric"]
[Black "Izagirre Alsua, Aritz"]
[Result "1-0"]
[WhiteElo "1978"]
[BlackElo "1894"]
[PlyCount "93"]
[EventDate "2017.09.01"]
[EventType "swiss"]
[EventRounds "9"]
[EventCountry "ESP"]
[SourceTitle "CBM 180 Extra"]
[Source "ChessBase"]
[SourceDate "2017.10.06"]
[SourceVersion "1"]
[SourceVersionDate "2017.10.06"]
[SourceQuality "1"]

1. Nf3 Nf6 2. c4 c6 3. Nc3 d5 4. e3 a6 5. b3 e6 6. Bb2 Bd6 7. Qc2 0-0 8. Be2 e5 9. d4 e4 10. Nd2 Qc7 11. Rc1 Qe7 12. cxd5 Bf5 13. dxc6 Nxc6 14. Nc4 Nb4 15. Qd2 Bc7 16. Ba3 a5 17. Nb5 Bd8 18. Ne5 Bb6 19. 0-0 h5 20. Rc4 Rfd8 21. Bxb4 axb4 22. Qxb4 Qxb4 23. Rxb4 Rxa2 24. Nc3 Rc2 25. Rxb6 Rxc3 26. Bc4 Nd5 27. Rxb7 Be6 28. Nc6 Rd6 29. Bxd5 Bxd5 30. Ne7+ Kh7 31. Nxd5 Rxd5 32. Rxf7 Kg8 33. Re7 Rxb3 34. Rxe4 Rb2 35. Re5 Rxe5 36. dxe5 Kf7 37. g3 Ke6 38. Ra1 g5 39. Ra5 Kf5 40. e6+ Kg4 41. Kg2 h4 42. h3+ Kh5 43. e7 Rb8 44. Re5 Re8 45. f4 hxg3 46. Kxg3 Kh6 47. fxg5+ 1-0

[Event "Sabadell op-A 10th"]
[Site "Sabadell"]
[Date "2017.09.07"]
[Round "7"]
[White "Izagirre Alsua, Aritz"]
[Black "Duran Vega, Sergio"]
[Result "0-1"]
[WhiteElo "1894"]
[BlackElo "2389"]
[PlyCount "96"]
[EventDate "2017.09.01"]
[EventType "swiss"]
[EventRounds "9"]
[EventCountry "ESP"]
[SourceTitle "CBM 180 Extra"]
[Source "ChessBase"]
[SourceDate "2017.10.06"]
[SourceVersion "1"]
[SourceVersionDate "2017.10.06"]
[SourceQuality "1"]

1. e4 c6 2. c4 d5 3. cxd5 cxd5 4. exd5 Nf6 5. d6 e5 6. Nc3 Bxd6 7. d3 h6 8. Nf3 0-0 9. Be2 Nc6 10. 0-0 Bf5 11. h3 Re8 12. Be3 Qe7 13. a3 Rad8 14. Qc2 Bb8 15. Rad1 Nd4 16. Qb1 Nxe2+ 17. Nxe2 Rxd3 18. Rxd3 Bxd3 19. Qxd3 e4 20. Qc4 exf3 21. gxf3 Qd7 22. Nf4 Bxf4 23. Bxf4 Qxh3 24. Bg3 Nh5 25. Qg4 Qxg4 26. fxg4 Nxg3 27. fxg3 Re2 28. Rf2 Rxf2 29. Kxf2 Kh7 30. Ke3 Kg6 31. Kf4 Kf6 32. b4 b5 33. Ke4 Kg5 34. Kd5 Kxg4 35. Kc5 a6 36. Kb6 f5 37. Kxa6 Kxg3 38. Kxb5 f4 39. Kc6 f3 40. b5 f2 41. b6 f1Q 42. b7 Qf6+ 43. Kc7 Qe7+ 44. Kc8 Qc5+ 45. Kd8 Qb6+ 46. Kc8 Qc6+ 47. Kb8 Kf3 48. Ka7 Qa4+ 0-1

[Event "Sabadell op-A 10th"]
[Site "Sabadell"]
[Date "2017.09.02"]
[Round "2"]
[White "Izagirre Alsua, Aritz"]
[Black "Asensio Linan, Teodoro"]
[Result "0-1"]
[WhiteElo "1894"]
[BlackElo "2171"]
[PlyCount "104"]
[EventDate "2017.09.01"]
[EventType "swiss"]
[EventRounds "9"]
[EventCountry "ESP"]
[SourceTitle "CBM 180 Extra"]
[Source "ChessBase"]
[SourceDate "2017.10.06"]
[SourceVersion "1"]
[SourceVersionDate "2017.10.06"]
[SourceQuality "1"]

1. e4 e6 2. d3 d5 3. Nd2 c5 4. Ngf3 Nc6 5. g3 Bd6 6. Bg2 Nge7 7. 0-0 0-0 8. Re1 Bc7 9. h4 d4 10. Nb3 b6 11. c3 a5 12. cxd4 a4 13. Nbd2 cxd4 14. Nc4 e5 15. b3 b5 16. Na3 Ba5 17. Bd2 axb3 18. axb3 Qb6 19. Qb1 Bc3 20. Bxc3 dxc3 21. b4 Bg4 22. Nh2 Be6 23. Nf3 Rfd8 24. Re3 f6 25. Nc2 Ra4 26. Rxa4 bxa4 27. Qa1 Nd4 28. Nfxd4 exd4 29. Re2 Qb5 30. Qd1 Nc6 31. e5 Nxe5 32. f4 Bg4 33. fxe5 fxe5 34. Qe1 Bxe2 35. Qxe2 a3 36. Be4 a2 37. Qh5 h6 38. Qg6 Qd7 39. Qh7+ Kf8 40. Bg6 Qe6 41. Bf5 Qf6 42. Bg4 Re8 43. Qe4 Kg8 44. Bf3 Rf8 45. Kg2 h5 46. b5 Qh6 47. Qe2 Qd2 48. Na1 Qxe2+ 49. Bxe2 Rb8 50. Kf3 Rxb5 51. Bd1 Rb8 52. Bb3+ Rxb3 0-1

[Event "Sabadell op-A 10th"]
[Site "Sabadell"]
[Date "2017.09.01"]
[Round "1"]
[White "Rojas Keim, Luis Alberto"]
[Black "Izagirre Alsua, Aritz"]
[Result "1-0"]
[WhiteElo "2327"]
[BlackElo "1894"]
[PlyCount "69"]
[EventDate "2017.09.01"]
[EventType "swiss"]
[EventRounds "9"]
[EventCountry "ESP"]
[SourceTitle "CBM 180 Extra"]
[Source "ChessBase"]
[SourceDate "2017.10.06"]
[SourceVersion "1"]
[SourceVersionDate "2017.10.06"]
[SourceQuality "1"]

1. e4 c5 2. c3 d5 3. exd5 Qxd5 4. d4 Nc6 5. Nf3 Nf6 6. Be3 cxd4 7. cxd4 e6 8. Nc3 Qd8 9. Bd3 Bd6 10. 0-0 0-0 11. Bg5 h6 12. Bh4 Be7 13. a3 a6 14. Bc2 b5 15. Qd3 g6 16. Rad1 Bb7 17. Rfe1 Qd7 18. d5 exd5 19. Rxe7 Nxe7 20. Bxf6 Qe6 21. Bd4 Qf5 22. Qe2 Qe6 23. Qd2 Kh7 24. Re1 Qd6 25. Ne5 Nc6 26. Ng4 Nxd4 27. Qxd4 f5 28. Ne5 Rac8 29. h4 Rc7 30. f4 h5 31. Bb3 Rd8 32. Nf3 Re7 33. Re5 Rxe5 34. fxe5 Qc7 35. Ng5+ 1-0

[Event "Miquel Mas op-A 18th"]
[Site "Castell de Sant Ferran"]
[Date "2017.08.16"]
[Round "8"]
[White "Renteria Becerra, Jorge Elicer"]
[Black "Izagirre Alsua, Aritz"]
[Result "1-0"]
[WhiteElo "2332"]
[BlackElo "1869"]
[PlyCount "81"]
[EventDate "2017.08.10"]
[EventType "swiss"]
[EventRounds "9"]
[EventCountry "ESP"]
[SourceTitle "CBM 180 Extra"]
[Source "ChessBase"]
[SourceDate "2017.10.06"]
[SourceVersion "1"]
[SourceVersionDate "2017.10.06"]
[SourceQuality "1"]

1. e4 c5 2. Nf3 a6 3. c3 d5 4. exd5 Qxd5 5. d4 Nc6 6. Be2 cxd4 7. cxd4 e6 8. Nc3 Bb4 9. 0-0 Bxc3 10. bxc3 Qa5 11. c4 Nf6 12. Bb2 0-0 13. d5 exd5 14. Bxf6 gxf6 15. cxd5 Rd8 16. Qc1 Rxd5 17. Qh6 Qd8 18. Rad1 Bf5 19. Rxd5 Qxd5 20. Qxf6 Qe6 21. Qg5+ Qg6 22. Qf4 Qg4 23. Qc7 Qb4 24. a3 Qe7 25. Qg3+ Bg6 26. Bc4 Qc5 27. Ba2 Nd4 28. Nxd4 Qxd4 29. h4 Qc5 30. Rd1 Re8 31. Bd5 Kf8 32. Qf4 Qc2 33. Bf3 Qc3 34. h5 Bc2 35. Rd5 Qe1+ 36. Kh2 Qe6 37. g3 h6 38. Rd6 Qe5 39. Qxh6+ Ke7 40. Rb6 Be4 41. Bxe4 1-0

[Event "Miquel Mas op-A 18th"]
[Site "Castell de Sant Ferran"]
[Date "2017.08.10"]
[Round "1"]
[White "Izagirre Alsua, Aritz"]
[Black "Gonzalez Rodriguez, Jorge Armando"]
[Result "0-1"]
[WhiteElo "1869"]
[BlackElo "2274"]
[PlyCount "96"]
[EventDate "2017.08.10"]
[EventType "swiss"]
[EventRounds "9"]
[EventCountry "ESP"]
[SourceTitle "CBM 180 Extra"]
[Source "ChessBase"]
[SourceDate "2017.10.06"]
[SourceVersion "1"]
[SourceVersionDate "2017.10.06"]
[SourceQuality "1"]

1. e4 e5 2. Nf3 d6 3. h3 f5 4. d3 Nf6 5. Nc3 Be7 6. g3 0-0 7. Bg2 c5 8. 0-0 Nc6 9. exf5 Bxf5 10. Nh4 Be6 11. Ne4 Nxe4 12. Bxe4 d5 13. Bg2 Bxh4 14. gxh4 Qxh4 15. Kh2 Rxf2 16. Rxf2 Qxf2 17. c3 Rf8 18. Qd2 Qxd2 19. Bxd2 Rf2 20. Rd1 d4 21. Kg3 Rxg2+ 22. Kxg2 Bxa2 23. c4 Bb3 24. Ra1 Bc2 25. Ra3 e4 26. dxe4 Bxe4+ 27. Kg3 Kf7 28. Kf4 Bc2 29. Rg3 g6 30. h4 h5 31. Rg5 b6 32. Rg2 Bb3 33. Ke4 Bxc4 34. Rf2+ Ke6 35. Rf8 Bd5+ 36. Kf4 Bb3 37. Rc8 Kd5 38. Rc7 Bc2 39. Rd7+ Kc4 40. Rc7 Kb5 41. Be1 a5 42. Bg3 Nb4 43. Kf3 Nd3 44. b3 Bxb3 45. Rg7 Bd5+ 46. Ke2 Be4 47. Re7 Bf5 48. Rf7 Nb2 0-1

[Event "San Sebastian Gros op 27th"]
[Site "San Sebastian"]
[Date "2017.06.23"]
[Round "1"]
[White "Izagirre Alsua, Aritz"]
[Black "Oratovsky, Michael"]
[Result "0-1"]
[WhiteElo "1885"]
[BlackElo "2501"]
[PlyCount "22"]
[EventDate "2017.06.23"]
[EventType "swiss"]
[EventRounds "9"]
[EventCountry "ESP"]
[SourceTitle "CBM 179 Extra"]
[Source "ChessBase"]
[SourceDate "2017.08.23"]
[SourceVersion "1"]
[SourceVersionDate "2017.08.23"]
[SourceQuality "1"]

1. e4 c5 2. Nf3 e6 3. Nc3 a6 4. g3 b5 5. Bg2 Bb7 6. d3 d6 7. 0-0 Nd7 8. Re1 b4 9. Nb1 Ngf6 10. Nbd2 Be7 11. Nc4 0-0 0-1

[Event "Miquel Mas op 17th"]
[Site "Castell de Sant Ferran"]
[Date "2016.08.14"]
[Round "5"]
[White "Izagirre Alsua, Aritz"]
[Black "Vidal Zamora, Alex"]
[Result "0-1"]
[WhiteElo "1913"]
[BlackElo "2291"]
[PlyCount "98"]
[EventDate "2016.08.11"]
[EventType "swiss"]
[EventRounds "9"]
[EventCountry "ESP"]
[SourceTitle "CBM 173 Extra"]
[Source "ChessBase"]
[SourceDate "2016.08.29"]
[SourceVersion "1"]
[SourceVersionDate "2016.08.29"]
[SourceQuality "1"]

1. e4 c5 2. Nc3 Nc6 3. g3 Nf6 4. Bg2 d6 5. f4 g6 6. Nf3 Bg7 7. d3 Bd7 8. 0-0 Qc8 9. Kh1 Bg4 10. Ne2 h5 11. c3 c4 12. Qc2 cxd3 13. Qxd3 Nd7 14. Ned4 Nc5 15. Qe3 Bh3 16. Bd2 Bxg2+ 17. Kxg2 a6 18. Rae1 Nd7 19. h3 Qc7 20. Qf2 Rc8 21. Be3 b5 22. a3 Qb7 23. Bc1 Rc7 24. Kg1 0-0 25. Qe3 Qb6 26. Nxc6 Rxc6 27. Qxb6 Nxb6 28. e5 dxe5 29. Nxe5 Bxe5 30. Rxe5 e6 31. g4 hxg4 32. hxg4 f5 33. gxf5 gxf5 34. Re2 Kf7 35. Be3 Nd5 36. Bd4 Rg8+ 37. Rg2 Rcc8 38. Kf2 Nxf4 39. Rxg8 Rxg8 40. Kf3 Ng6 41. a4 e5 42. Bf2 e4+ 43. Ke2 bxa4 44. Bc5 Ke6 45. Rd1 Nf4+ 46. Ke3 Nd3 47. Ba3 f4+ 48. Ke2 Rg2+ 49. Kf1 Rc2 0-1

[Event "San Sebastian Gros op 26th"]
[Site "San Sebastian"]
[Date "2016.06.27"]
[Round "5"]
[White "Etchegaray, Patrice"]
[Black "Izagirre Alsua, Aritz"]
[Result "1-0"]
[WhiteElo "2367"]
[BlackElo "1903"]
[PlyCount "81"]
[EventDate "2016.06.24"]
[EventType "swiss"]
[EventRounds "9"]
[EventCountry "ESP"]
[SourceTitle "EXT 2017"]
[Source "ChessBase"]
[SourceDate "2016.10.25"]
[SourceVersion "1"]
[SourceVersionDate "2016.10.25"]
[SourceQuality "1"]

1. e4 c5 2. Nf3 a6 3. c3 d5 4. exd5 Qxd5 5. d4 Nc6 6. Be3 Bg4 7. Be2 cxd4 8. cxd4 e6 9. h3 Bh5 10. 0-0 Nf6 11. Nc3 Qa5 12. g4 Bg6 13. Ne5 Rc8 14. f4 Nxe5 15. dxe5 Ne4 16. Nxe4 Bxe4 17. Qd4 Bc6 18. f5 Qd5 19. Qxd5 Bxd5 20. Rac1 Rxc1 21. Rxc1 Kd7 22. Bb6 Bc6 23. Bc4 Be7 24. Bb3 h5 25. Rd1+ Ke8 26. fxe6 fxe6 27. Bxe6 hxg4 28. Bxg4 Kf7 29. Kh2 Rf8 30. Kg3 Kg6 31. h4 Re8 32. h5+ Kh6 33. Be3+ Kh7 34. Bf5+ Kh8 35. Kg4 Rd8 36. Rxd8+ Bxd8 37. Bc5 Bd5 38. b3 Kg8 39. e6 Bf6 40. e7 Bc6 41. Bg6 1-0

[Event "San Sebastian Gros op 25th"]
[Site "San Sebastian"]
[Date "2015.06.27"]
[Round "3"]
[White "Marchena Hurtado, Javier"]
[Black "Izagirre Alsua, Aritz"]
[Result "1-0"]
[WhiteElo "2294"]
[BlackElo "1854"]
[PlyCount "61"]
[EventDate "2015.06.26"]
[EventType "swiss"]
[EventRounds "9"]
[EventCountry "ESP"]
[SourceTitle "CBM 167 Extra"]
[Source "ChessBase"]
[SourceDate "2015.09.14"]
[SourceVersion "1"]
[SourceVersionDate "2015.09.14"]
[SourceQuality "1"]

1. e4 c5 2. Nf3 a6 3. c4 g6 4. d4 Bg7 5. d5 d6 6. Nc3 Bxc3+ 7. bxc3 Qa5 8. Qc2 Nd7 9. Bd3 b5 10. 0-0 Nb6 11. cxb5 axb5 12. Bd2 c4 13. Be2 Na4 14. e5 dxe5 15. Nxe5 Kf8 16. Nc6 Qc7 17. Qe4 Kg7 18. Bf4 Qd7 19. Qd4+ f6 20. Bf3 Bb7 21. Rfe1 Rc8 22. Rab1 Rxc6 23. dxc6 Bxc6 24. Bxc6 Qxc6 25. Qa7 Kf7 26. Rbd1 Nc5 27. Bd6 Nb7 28. Bb4 h5 29. Qb8 h4 30. Bxe7 h3 31. Qf8# 1-0

[Event "San Sebastian Primavera de Gros op 11th"]
[Site "San Sebastian"]
[Date "2015.05.09"]
[Round "3"]
[White "Zuloaga Erauskin, Markel"]
[Black "Izagirre Alsua, Aritz"]
[Result "1-0"]
[WhiteElo "1625"]
[BlackElo "1908"]
[PlyCount "43"]
[EventDate "2015.04.25"]
[EventType "swiss"]
[EventRounds "8"]
[EventCountry "ESP"]
[SourceTitle "EXT 2019"]
[Source "ChessBase"]
[SourceDate "2018.10.10"]
[SourceVersion "1"]
[SourceVersionDate "2018.10.10"]
[SourceQuality "1"]

1. d4 d5 2. Nf3 Nf6 3. e3 e6 4. Bd3 c5 5. c3 Nc6 6. 0-0 Bd6 7. Nbd2 0-0 8. Re1 e5 9. dxe5 Nxe5 10. Nxe5 Bxe5 11. h3 Bc7 12. e4 dxe4 13. Nxe4 Nxe4 14. Bxe4 Qh4 15. Qf3 Rb8 16. Be3 b6 17. Rad1 Be6 18. Bd5 Bxd5 19. Rxd5 Rbd8 20. Bg5 Rde8 21. Rxe8 Rxe8 22. g4 1-0

[Event "San Sebastian op 38th"]
[Site "San Sebastian"]
[Date "2015.03.29"]
[Round "2"]
[White "Izagirre Alsua, Aritz"]
[Black "Torres Ganuza, Francisco Javier"]
[Result "0-1"]
[WhiteElo "1908"]
[BlackElo "2147"]
[PlyCount "50"]
[EventDate "2015.03.28"]
[EventType "swiss"]
[EventRounds "9"]
[EventCountry "ESP"]
[SourceTitle "CBM 165 Extra"]
[Source "ChessBase"]
[SourceDate "2015.04.21"]
[SourceVersion "1"]
[SourceVersionDate "2015.04.21"]
[SourceQuality "1"]

1. e4 c5 2. Nc3 e6 3. Bc4 d6 4. f4 Nf6 5. Nf3 a6 6. Be2 Be7 7. 0-0 Nc6 8. d3 0-0 9. h3 b5 10. g4 d5 11. e5 Nd7 12. Qe1 f6 13. exf6 Nxf6 14. g5 Ne8 15. Nh2 e5 16. Bf3 Nc7 17. Bg2 Nd4 18. Qxe5 Rf5 19. Qe1 Nxc2 20. Qd1 Nxa1 21. Bd2 Rf8 22. Qxa1 Bf5 23. Re1 b4 24. Nxd5 Nxd5 25. Rxe7 Nxe7 0-1

[Event "Mondragon op 14th"]
[Site "Mondragon"]
[Date "2014.12.26"]
[Round "4"]
[White "Izagirre Alsua, Aritz"]
[Black "Tornay Gomez, Josu"]
[Result "1/2-1/2"]
[WhiteElo "1894"]
[BlackElo "2091"]
[PlyCount "142"]
[EventDate "2014.12.22"]
[EventType "swiss"]
[EventRounds "6"]
[EventCountry "ESP"]
[SourceTitle "CBM 164 Extra"]
[Source "ChessBase"]
[SourceDate "2015.03.02"]
[SourceVersion "1"]
[SourceVersionDate "2015.03.02"]
[SourceQuality "1"]

1. e4 Nf6 2. Nc3 e5 3. Bc4 Nc6 4. a3 Nxe4 5. Bxf7+ Kxf7 6. Nxe4 d5 7. Ng3 Qf6 8. N1e2 Bc5 9. 0-0 Rf8 10. d3 Kg8 11. Be3 Bd6 12. c4 Be6 13. cxd5 Bxd5 14. Nc3 Be6 15. Nge4 Qg6 16. f3 Rad8 17. Qd2 Be7 18. Rac1 Bc4 19. Qf2 Bxd3 20. Rfe1 Nd4 21. Kh1 b6 22. Rcd1 Ne6 23. Rd2 Ba6 24. Red1 Bb7 25. Rd7 Rde8 26. Qe2 Bc8 27. R7d5 Nf4 28. Bxf4 exf4 29. Re5 Bd6 30. Nxd6 cxd6 31. Rxe8 Rxe8 32. Qd2 Qf6 33. Kg1 Ba6 34. Ne4 Qe5 35. Qxd6 Qxd6 36. Rxd6 Re7 37. g3 fxg3 38. hxg3 h6 39. Kf2 Kf7 40. g4 Bb7 41. Ng3 g6 42. Ne2 Bc8 43. Nf4 g5 44. Ne2 Re6 45. Rd8 Re8 46. Rd6 Re6 47. Rd8 Ba6 48. Nc3 Bc4 49. Rd7+ Re7 50. Rd6 Be6 51. Nb5 Rd7 52. Rxd7+ Bxd7 53. Nxa7 Ke7 54. b4 Kd6 55. Ke3 Kc7 56. b5 Kb7 57. Nc6 Bxc6 58. bxc6+ Kxc6 59. f4 Kd5 60. f5 Ke5 61. Kf3 h5 62. gxh5 Kxf5 63. Kg3 g4 64. h6 Kg6 65. h7 Kxh7 66. Kxg4 Kg6 67. Kf4 Kf6 68. Ke4 Ke6 69. Kd4 Kd6 70. Kc4 Kc6 71. a4 Kb7 1/2-1/2